01334nam a2200325 a 450000100100000000500170001000800410002702000150006804000250008304100380010808200190014610000280016524000820019324500780027526000570035330000210041050000520043150000380048350000500052150000410057153400910061265000420070365000320074565000330077770000270081070000220083704900090085995201230086899900170099100002434020200930022927.0110126s1974 sp r 000 | spa d z8428102543 aDO-SdBNPbspacBNPHU17afrehspa2Código de idioma MARC a370.944bS675h1 aSnyders, Georges94991510aTraité des sciencies pédagogiques. Histoire de la pédagogie.lEspañol10aHistoria de la pedagogía /cGeorges Snyders, Antoine Léon, Jean Vial. aBarcelona, (España) :bOikos Tau Ediciones,c1974. a292 p. ;c20 cm. aPrimera edición de la lengua castellana, 1974 aIncluye notas al pie de páginas aIncluye índice onomástico y topográfico aIncluye referencias bibliográficas aTítulo original :tTraité des sciencies pédagogiques. Histoire de la pédagogie 4aPedagogíaxHistoriazFrancia949916 4aEducaciónxHistoria97857 4aPedagogíaxHistoria9499171 aLéon, Antoine9499181 aVial, Jean949919 aBNRG 001054708MOaGRbGRcCTd2011-01-26iLF1l0o370.944 S675hp24340-10r2020-06-25w2020-06-25y4ZPréstamo en sala c23833d23833